Historias en vueltas 1 : libro de lectura /
Guardado en:
| Autor Principal: | |
|---|---|
| Otros Autores: | , , , , , , , , , , , , , , , , |
| Formato: | Libro |
| Idioma: | Undetermined |
| Publicado: |
Buenos Aires :
Santillana,
2016.
|
| Edición: | 1a ed. |
| Materias: | |
| Etiquetas: |
Agregar Etiqueta
Sin Etiquetas, Sea el primero en etiquetar este registro!
|
| LEADER | 02671nam a22004095a 4500 | ||
|---|---|---|---|
| 001 | CEM.cems024682 | ||
| 008 | 250613s2016####ag############000#0#und#d | ||
| 005 | 20250613184921.0 | ||
| 245 | 1 | 0 | |a Historias en vueltas 1 : |b libro de lectura / |c Melina Pogorelsky y Paula Galdeano. |
| 250 | |a 1a ed. | ||
| 260 | |a Buenos Aires : |b Santillana, |c 2016. | ||
| 300 | |a 80 p. | ||
| 505 | 0 | |a VUELTA 1: Mundo de la fantasía -- El deseo de la princesa / Florencia Esses -- Princesa / María Cristina Ramos -- Sapo enfurruñado / Florencia Gattari -- Sapos de la laguna (canción) -- Caperucita voladora / María Laura Dedé -- El príncipe sapo / Hermanos Grimm -- Sapo verde / Graciela Montes -- El castillo durmiente. Texto informativo -- ¿Rana o sapo?. Ficha -- ¿Qué vemos hoy? Tapa de DVD -- VUELTA 2: Mundo del misterio -- Aprendiz de bruja / Nicolás Schuff -- La bruja loca (ronda colombiana) -- La huella misteriosa / Cristina Macjus -- Amor feroz / Melina Pogorelsky -- La llave de oro / Hermanos Grimm -- Conociendo a Graciela Montes. Biografía -- Sana, sana...¿colita de culebra?. Texto informativo -- El misterio del pato de papel. Instructivo -- Mensajes -- VUELTA 3: Mundo de la aventura -- Floreana y el viaje a Isla Encantada / Carolina Tosi -- Trabalenguas con patos y brujas -- La canción de la luna / Gustavo Roldán -- Fábula verde / Oche Califa -- Caperucita aventurera / Fer Calvi -- Las tres plumas / Hermanos Grimm -- Bicho raro / Graciela Montes -- Aventureros y princesas. Texto informativo -- Proyecto Cururu. Texto informativo -- El desafío de salvar especies. Afiche -- VUELTA 4: Mundo del disparate -- Una torre confundida en sombras / Graciela Repún -- Un día, una brújula / Elsa Bornemann -- Érase una vez / J. A. Goytisolo y P. Ibáñez -- Para reírse un poco. Colmos y chistes | |
| 020 | |a 9789504643005 | ||
| 100 | 1 | |a Pogorelsky, Melina. | |
| 700 | 1 | |a Galdeano, Paula. | |
| 700 | 1 | |a Esses, Florencia. | |
| 700 | 1 | |a Ramos, María Cristina. | |
| 700 | 1 | |a Gattari, Florencia. | |
| 700 | 1 | |a Dedé, María Laura. | |
| 700 | 1 | |a Hermanos Grimm. | |
| 700 | 1 | |a Montes, Graciela. | |
| 700 | 1 | |a Schuff, Nicolás. | |
| 700 | 1 | |a Macjus, Cristina. | |
| 700 | 1 | |a Tosi, Carolina. | |
| 700 | 1 | |a Roldán, Gustavo. | |
| 700 | 1 | |a Calvi, Fer. | |
| 700 | 1 | |a Califa, Oche. | |
| 700 | 1 | |a Repún, Graciela. | |
| 700 | 1 | |a Bornemann, Elsa. | |
| 700 | 1 | |a Goytisolo, José Agustín. | |
| 700 | 1 | |a Ibáñez, P. | |
| 653 | |a Prácticas del lenguaje | ||
| 653 | |a Libros de textos | ||
| 653 | |a Educación primaria | ||
| 859 | |a CEMS |b BIB. CEMS - Inicial y Primaria |h 468 |i P746-1 |k IP |p 5920 |t Ej.1 | ||
| 859 | |a CEMS |b BIB. CEMS |h 468 |i P746-1 |k IP |p 5943 |t Ej.2 | ||
